Comercio libre o Funesta teoría de la libertad económica absoluta / (Record no. 154973)

MARC details
000 -LEADER
campo de control de longitud fija 00743nam a2200193 i 4500
001 - NÚMERO DE CONTROL
campo de control 154973
003 - IDENTIFICADOR DE NÚMERO DE CONTROL
campo de control ES-MaACL
005 - FECHA Y HORA DE LA ÚLTIMA TRANSACCIÓN
campo de control 20250809011732.0
008 - DATOS DE LONGITUD FIJA--INFORMACIÓN GENERAL
campo de control de longitud fija 990727s1834 sp |||| | spa d
100 1# - ENTRADA PRINCIPAL--NOMBRE DE PERSONA
Nombre de persona Gutiérrez, Manuel María.
9 (RLIN) 61068
245 10 - MENCIÓN DEL TÍTULO
Título Comercio libre o Funesta teoría de la libertad económica absoluta /
Mención de responsabilidad, etc. Manuel María Gutiérrez.
246 30 - FORMA VARIANTE DEL TITULO
Título propio/Titulo breve Funesta teoría de la libertad económica absoluta
260 ## - PUBLICACIÓN, DISTRIBUCIÓN, ETC.
Lugar de publicación, distribución, etc. Madrid :
Nombre del editor, distribuidor, etc. [s.n.],
Fecha de publicación, distribución, etc. 1834 (
Fabricante Imp. de Don Marcelino Calero y Portocarrero)
300 ## - DESCRIPCIÓN FÍSICA
Extensión 145 p. ;
Dimensiones 28 cm.
597 ## - NOTA DE DESCRIPCIÓN FÍSICA
NOTA DE DESCRIPCIÓN FÍSICA Port. con grab. calc.
650 #7 - PUNTO DE ACCESO ADICIONAL DE MATERIA--TÉRMINO DE MATERIA
Término de materia o nombre geográfico como elemento de entrada Libre cambio
Fuente del encabezamiento o término embne
9 (RLIN) 136409
852 ## - LOCALIZACIÓN
Ubicación ES-MaACL
Número de control de estantería R-2659(1)
Encuadernación Olim:T-50-F
Nota libre - Enc. hol.
-- - Enc. en un vol. facticio
Holdings
Estatus retirado Estado de pérdida Estado de daño No para préstamo Colección Biblioteca de origen Biblioteca actual Ubicación en estantería Fecha de adquisición Fuente de adquisición Total de préstamos Signatura topográfica completa Código de barras Visto por última vez Precio de reemplazo Tipo de ítem Koha
        Libros del s. XIX Biblioteca del Ateneo de Madrid Biblioteca del Ateneo de Madrid Depósito 17/01/2008     R-2659(1) 1162107 23/02/2023 23/02/2023 Libro impreso antiguo